Les dictons d'octobre - Statistiques

Statistiques générales
  • Ce quiz a été pris 31 fois
  • Le résultat moyen est 26 sur 31
Statistiques - réponses
Indice Dicton % Correct
4 FR*NC**S À la St {François}, vient le premier froid.
100%
3 G*R*RD À la St {Gérard}, du vin fait bon marc.
100%
7 S*RG* A la St {Serge}, la charrue en terre, pour niveler les taupinières.
100%
9 D*N*S S'il pleut à la St {Denis}, la rivière sort neuf fois de son lit.
100%
28 S*M*N* A la Ste {Simone}, il faut rentrer les pommes.
96%
23 J**N A la St {Jean} d'automne, repiquez avant soleil levé.
96%
18 L*C A la St {Luc}, betterave devient sucre.
96%
31 Q**NT*N A la St {Quentin}, la chaleur a sa fin.
96%
19 R*N* A la St {René}, couvre ton nez.
96%
10 GH*SL**N Temps sec à la St {Ghislain}, annonce un hiver d'eau plein.
96%
6 BR*N* A la St {Bruno}, les feuilles tombent dans le bois
93%
5 PL*C*D* À la St {Placide}, le verger est vide.
93%
1 R*M* A la St {Rémi}, la grande chaleur est finie.
93%
29 N*RC*SS* Neige le jour de la St {Narcisse}, pour le blé est un bénéfice.
93%
15 TH*R*S* Souvent Ste {Thérèse} nous apporte un petit été, nais surtout jardinier, ne va pas te déshabiller.
93%
25 CR*P*N A la St {Crépin}, les mouches voient leur fin.
89%
16 G*LL Coupe ton chou à la St {Gall}, en hiver, c’est un vrai régal.
89%
12 W*LFR**D St {Wilfried} ensoleillé, deux jours plus tard emmitouflé
89%
26 *M*ND A la St {Amand} sont mûrs les glands.
85%
30 B**NV*N** Rien de plus beau à la Ste {Bienvenue}, qu'un jardin bien entretenu
85%
2 L*G*R À la St {Léger}, il ne faut pas semer, sinon le grain devient comme le saint.
81%
24 M*GL**R* Quand arrive la St {Magloire}, vigneron sait ce qu’il peut boire.
81%
14 C*L*XT* A la St {Calixte}, il n’y a plus de fleur à calice.
74%
27 *M*L*N* A la Ste {Émeline}, journée de bruine.
74%
21 *RS*L* A la Ste {Ursule}, le temps parfois est un petit printemps.
74%
8 P*L*G** Quand Ste {Pélagie} la chaleur nous ôte, les fleurs sont moins féroces
74%
20 *D*L*N* {Adeline} glacée fait vermine trépasser
67%
17 B**D***N Quand {Baudouin} coupe le raisin, c’est mauvais pour le vin mais bon pour le chou : tout l’hiver, tu en auras goût.
67%
13 G*R**D Été de St {Géraud} dure trois jours comme il faut.
52%
22 V*LL**R A la St {Vallier} faut qu'il y ait du bois au bûcher.
33%
11 G*MM**R*R Si la St {Gommairer} arrive par temps sec, l’hiver sera humide dès le début.
7%
Aucun quiz correspondant
Distribution des résultats
% des personnes avec chaque résultat
Percentile par nombre de réponses
Votre historique - résultats
Vous n’avez pas pris ce quiz